Occupational therapy : (Record no. 4836)
[ view plain ]
| 000 -LEADER | |
|---|---|
| fixed length control field | 00862cam a2200241 a 4500 |
| 001 - CONTROL NUMBER | |
| control field | 2089198 |
| 005 - DATE AND TIME OF LATEST TRANSACTION | |
| control field | 20250314192146.0 |
| 008 - FIXED-LENGTH DATA ELEMENTS--GENERAL INFORMATION | |
| fixed length control field | 950911s1996 moua b 001 0 eng c |
| 020 ## - INTERNATIONAL STANDARD BOOK NUMBER | |
| International Standard Book Number | 0815168128 |
| 050 00 - LIBRARY OF CONGRESS CALL NUMBER | |
| Classification number | RM735 |
| Item number | .P34 1996 |
| 082 00 - DEWEY DECIMAL CLASSIFICATION NUMBER | |
| Classification number | 615.8/515 |
| Edition information | 20 |
| 245 00 - TITLE STATEMENT | |
| Title | Occupational therapy : |
| Remainder of title | practice skills for physical dysfunction / |
| Statement of responsibility, etc. | edited by Lorraine Williams Pedretti ; with 50 contributors. |
| 250 ## - EDITION STATEMENT | |
| Edition statement | 4th ed. |
| 260 ## - PUBLICATION, DISTRIBUTION, ETC. | |
| Place of publication, distribution, etc. | St. Louis : |
| Name of publisher, distributor, etc. | Mosby, |
| Date of publication, distribution, etc. | c1996. |
| 300 ## - PHYSICAL DESCRIPTION | |
| Extent | xv, 876 p. : |
| Other physical details | ill. ; |
| Dimensions | 26 cm. |
| 500 ## - GENERAL NOTE | |
| General note | Rev. ed. of: Occupational therapy / Lorraine Williams Pedretti, Barbara Zoltan. 3rd ed. 1990. |
| 650 #0 - SUBJECT ADDED ENTRY--TOPICAL TERM | |
| Topical term or geographic name entry element | Occupational therapy. |
| 650 #0 - SUBJECT ADDED ENTRY--TOPICAL TERM | |
| Topical term or geographic name entry element | People with disabilities |
| General subdivision | Rehabilitation. |
| 650 12 - SUBJECT ADDED ENTRY--TOPICAL TERM | |
| Topical term or geographic name entry element | Occupational Therapy. |
| 650 22 - SUBJECT ADDED ENTRY--TOPICAL TERM | |
| Topical term or geographic name entry element | Disabled. |
| 700 1# - ADDED ENTRY--PERSONAL NAME | |
| Personal name | Pedretti, Lorraine Williams, |
| Dates associated with a name | 1936- |
| 942 ## - ADDED ENTRY ELEMENTS (KOHA) | |
| Source of classification or shelving scheme | Library of Congress Classification |
| Koha item type | Books |
| Edition | 4th ed. |
| Suppress in OPAC | No |
| 999 ## - | |
| -- | 4836 |
| -- | 4836 |
| Withdrawn status | Lost status | Source of classification or shelving scheme | Damaged status | Not for loan | Collection | Home library | Current library | Shelving location | Date acquired | Total checkouts | Full call number | Barcode | Date last seen | Copy number | Price effective from | Koha item type |
|---|---|---|---|---|---|---|---|---|---|---|---|---|---|---|---|---|
| Library of Congress Classification | Non-fiction | Science Library (Miotso) | Science Library (Miotso) | General stacks | 03/14/2025 | RM735 .P34 OCC | SLM00004249 | 03/14/2025 | 1 | 03/14/2025 | Books |